Los terremotos de Málaga y Granada / (Record no. 152471)

MARC details
000 -LEADER
campo de control de longitud fija 01087nam a2200229 i 4500
001 - NÚMERO DE CONTROL
campo de control 152471
003 - IDENTIFICADOR DE NÚMERO DE CONTROL
campo de control ES-MaACL
005 - FECHA Y HORA DE LA ÚLTIMA TRANSACCIÓN
campo de control 20250626213647.0
008 - DATOS DE LONGITUD FIJA--INFORMACIÓN GENERAL
campo de control de longitud fija 950927s1885 sp f |||| | spa d
080 ## - NÚMERO DE LA CLASIFICACIÓN DECIMAL UNIVERSAL
Número de la Clasificación Decimal Universal 550.34(468.1)"1884"
100 1# - ENTRADA PRINCIPAL--NOMBRE DE PERSONA
Nombre de persona Botella y de Hornos, Federico de,
Fechas asociadas al nombre 1822-1899
9 (RLIN) 30760
245 14 - MENCIÓN DEL TÍTULO
Título Los terremotos de Málaga y Granada /
Mención de responsabilidad, etc. por Federico de Botella y de Hornos.
260 ## - PUBLICACIÓN, DISTRIBUCIÓN, ETC.
Lugar de publicación, distribución, etc. Madrid :
Nombre del editor, distribuidor, etc. [s.n.],
Fecha de publicación, distribución, etc. 1885 (
Fabricante Imp. de Fortanet)
300 ## - DESCRIPCIÓN FÍSICA
Extensión 30 p., [1] h. pleg. de mapa ;
Dimensiones 22 cm.
650 #4 - PUNTO DE ACCESO ADICIONAL DE MATERIA--TÉRMINO DE MATERIA
Término de materia o nombre geográfico como elemento de entrada Terremotos-
Subdivisión geográfica Málaga (Provincia)
9 (RLIN) 173526
650 #4 - PUNTO DE ACCESO ADICIONAL DE MATERIA--TÉRMINO DE MATERIA
Término de materia o nombre geográfico como elemento de entrada Terremotos-
Subdivisión geográfica Granada (Provincia)
9 (RLIN) 173525
650 #4 - PUNTO DE ACCESO ADICIONAL DE MATERIA--TÉRMINO DE MATERIA
Término de materia o nombre geográfico como elemento de entrada Terremotos-
Subdivisión geográfica Andalucía-
Subdivisión cronológica S.XIX.
9 (RLIN) 17487
852 4# - LOCALIZACIÓN
Ubicación ES-MaACL
Número de control de estantería B-7464(15)
Nota libre - Enc. hol. con puntas,
-- - Enc. en un vol. facticio
-- - Legado de Federico de Botella y de Hornos
852 4# - LOCALIZACIÓN
Ubicación ES-MaACL
Número de control de estantería B-8927(16)
Nota libre - Enc. en un vol. facticio, agrupado con el nombre en el lomo: España, geología, memorias y documentos varios 41 al 56
-- - Legado de Federico de Botella y de Hornos
942 ## - ELEMENTOS DE ENTRADA SECUNDARIOS (KOHA)
Fuente del sistema de clasificación o colocación Clasificación decimal universal
Holdings
Estatus retirado Estado de pérdida Estado de daño No para préstamo Colección Biblioteca de origen Biblioteca actual Ubicación en estantería Fecha de adquisición Fuente de adquisición Total de préstamos Signatura topográfica completa Código de barras Visto por última vez Precio de reemplazo Tipo de ítem Koha
        Libros del s. XIX Biblioteca del Ateneo de Madrid Biblioteca del Ateneo de Madrid Sala Pardo Bazán 30/05/2019     B-8927(16) 1200681 23/02/2023 23/02/2023 Libro impreso antiguo
        Libros del s. XIX Biblioteca del Ateneo de Madrid Biblioteca del Ateneo de Madrid Sala Pardo Bazán 17/01/2008     B-7464(15) 1159212 23/02/2023 23/02/2023 Libro impreso antiguo